[Event "DVM U20 2022"]
[Site "Münster GER"]
[Date "2022.12.30"]
[Round "7"]
[White "Aumüller, Naum"]
[Black "Helmsdorf, Marius"]
[Result "1/2-1/2"]
[Termination "normal"]
[Board "7.2"]
[WhiteElo "1927"]
[BlackElo "1657"]
[WhiteClock "00:38:18"]
[BlackClock "00:27:05"]
[WhiteTeam "SC Bavaria Regensburg von 1881 e.V."]
[BlackTeam "ESV Gera"]
[PlyCount "47"]
[WhiteFideId "16263960"]
[BlackFideId "16274873"]
[EventCountry "GER"]
[EventRounds "7"]
[EventType "team-swiss"]
[EventDate "2022.12.26"]

1. e4 {[%clk 01:30:58]} e6 {[%clk 01:30:58]} {[%emt 00:00:03]} 2. d4 {[%clk
01:31:23]} {[%emt 00:00:05]} d5 {[%clk 01:31:24]} {[%emt 00:00:04]} 3. e5
{[%clk 01:31:49]} {[%emt 00:00:04]} c5 {[%clk 01:31:52]} {[%emt 00:00:03]} 4.
c3 {[%clk 01:32:14]} {[%emt 00:00:05]} Nc6 {[%clk 01:32:19]} {[%emt 00:00:03]}
5. Nf3 {[%clk 01:32:37]} {[%emt 00:00:07]} Bd7 {[%clk 01:32:46]} {[%emt
00:00:03]} 6. Be2 {[%clk 01:32:41]} {[%emt 00:00:26]} cxd4 {[%clk 01:32:46]}
{[%emt 00:00:30]} 7. cxd4 {[%clk 01:32:51]} {[%emt 00:00:21]} Nge7 {[%clk
01:33:01]} {[%emt 00:00:14]} 8. Nc3 {[%clk 01:32:16]} {[%emt 00:01:05]} Nf5
{[%clk 01:32:09]} {[%emt 00:01:22]} 9. a3 {[%clk 01:31:30]} {[%emt 00:01:17]}
Na5 {[%clk 01:17:41]} {[%emt 00:14:58]} 10. O-O {[%clk 01:10:43]} {[%emt
00:21:16]} a6 {[%clk 01:16:43]} {[%emt 00:01:27]} 11. Bg5 {[%clk 01:06:43]}
{[%emt 00:04:31]} Qb6 {[%clk 01:10:24]} {[%emt 00:06:49]} 12. b4 {[%clk
01:01:00]} {[%emt 00:06:13]} Nc4 {[%clk 01:10:13]} {[%emt 00:00:41]} 13. Bxc4
{[%clk 01:01:17]} {[%emt 00:00:14]} dxc4 {[%clk 01:10:39]} {[%emt 00:00:04]}
14. d5 {[%clk 01:01:07]} {[%emt 00:00:40]} h6 {[%clk 00:55:26]} {[%emt
00:15:43]} 15. Bf4 {[%clk 00:59:11]} {[%emt 00:02:25]} g5 {[%clk 00:49:04]}
{[%emt 00:06:52]} 16. Bg3 {[%clk 00:55:35]} {[%emt 00:04:06]} Bg7 {[%clk
00:47:09]} {[%emt 00:02:25]} 17. Re1 {[%clk 00:51:42]} {[%emt 00:04:23]} O-O
{[%clk 00:45:35]} {[%emt 00:02:04]} 18. d6 {[%clk 00:43:50]} {[%emt 00:08:22]}
Nxd6 {[%clk 00:26:09]} {[%emt 00:19:56]} 19. Rc1 {[%clk 00:42:08]} {[%emt
00:02:12]} Nb5 {[%clk 00:26:27]} {[%emt 00:00:12]} 20. Qxd7 {[%clk 00:38:57]}
{[%emt 00:03:40]} Rfd8 {[%clk 00:26:42]} {[%emt 00:00:15]} 21. Qe7 {[%clk
00:37:08]} {[%emt 00:02:20]} Bf8 {[%clk 00:26:13]} {[%emt 00:00:59]} 22. Qf6
{[%clk 00:37:27]} {[%emt 00:00:10]} Bg7 {[%clk 00:26:37]} {[%emt 00:00:06]} 23.
Qe7 {[%clk 00:37:53]} {[%emt 00:00:05]} Bf8 {[%clk 00:27:05]} {[%emt 00:00:03]}
24. Qf6 {[%clk 00:38:18]} {[%emt 00:00:04]} 1/2-1/2

[Event "DVM U20 2022"]
[Site "Münster GER"]
[Date "2022.12.30"]
[Round "7"]
[White "Frank, Marek"]
[Black "Steinhauer, Artur"]
[Result "0-1"]
[Termination "normal"]
[Board "7.3"]
[WhiteElo "1500"]
[BlackElo "1920"]
[WhiteClock "00:11:56"]
[BlackClock "00:17:45"]
[WhiteTeam "ESV Gera"]
[BlackTeam "SC Bavaria Regensburg von 1881 e.V."]
[PlyCount "101"]
[WhiteFideId "16239520"]
[BlackFideId "16263596"]
[EventCountry "GER"]
[EventRounds "7"]
[EventType "team-swiss"]
[EventDate "2022.12.26"]

1. e4 {[%clk 01:30:58]} {[%emt 00:00:01]} c6 {[%clk 01:30:56]} {[%emt
00:00:04]} 2. d4 {[%clk 01:31:24]} {[%emt 00:00:04]} d5 {[%clk 01:31:22]}
{[%emt 00:00:03]} 3. Nc3 {[%clk 01:31:51]} {[%emt 00:00:04]} dxe4 {[%clk
01:31:49]} {[%emt 00:00:02]} 4. Nxe4 {[%clk 01:32:16]} {[%emt 00:00:06]} Nf6
{[%clk 01:32:09]} {[%emt 00:00:10]} 5. Nxf6 {[%clk 01:32:40]} {[%emt 00:00:06]}
exf6 {[%clk 01:32:37]} {[%emt 00:00:02]} 6. c3 {[%clk 01:33:00]} {[%emt
00:00:10]} Bd6 {[%clk 01:33:04]} {[%emt 00:00:02]} 7. Bd3 {[%clk 01:33:22]}
{[%emt 00:00:08]} O-O {[%clk 01:33:31]} {[%emt 00:00:04]} 8. Qc2 {[%clk
01:33:16]} {[%emt 00:00:35]} Re8 {[%clk 01:33:56]} {[%emt 00:00:04]} 9. Ne2
{[%clk 01:33:42]} {[%emt 00:00:04]} h5 {[%clk 01:34:24]} {[%emt 00:00:03]} 10.
O-O {[%clk 01:32:36]} {[%emt 00:01:36]} h4 {[%clk 01:34:51]} {[%emt 00:00:03]}
11. h3 {[%clk 01:31:47]} {[%emt 00:01:19]} Nd7 {[%clk 01:35:13]} {[%emt
00:00:07]} 12. Be3 {[%clk 01:27:45]} {[%emt 00:04:32]} Nf8 {[%clk 01:35:34]}
{[%emt 00:00:09]} 13. Rae1 {[%clk 01:22:55]} {[%emt 00:05:21]} Qc7 {[%clk
01:25:29]} {[%emt 00:10:35]} 14. c4 {[%clk 01:19:07]} {[%emt 00:04:18]} Be6
{[%clk 01:20:32]} {[%emt 00:05:27]} 15. c5 {[%clk 01:09:18]} {[%emt 00:10:19]}
Be7 {[%clk 01:20:55]} {[%emt 00:00:07]} 16. Nf4 {[%clk 01:08:46]} {[%emt
00:01:02]} Rad8 {[%clk 01:19:49]} {[%emt 00:01:36]} 17. Rd1 {[%clk 00:58:16]}
{[%emt 00:10:59]} Qd7 {[%clk 01:05:10]} {[%emt 00:15:10]} 18. Rfe1 {[%clk
00:49:42]} {[%emt 00:09:03]} f5 {[%clk 01:01:17]} {[%emt 00:04:23]} 19. Nxe6
{[%clk 00:45:46]} {[%emt 00:04:26]} fxe6 {[%clk 01:01:41]} {[%emt 00:00:07]}
20. Bc4 {[%clk 00:45:27]} {[%emt 00:00:48]} g6 {[%clk 00:58:45]} {[%emt
00:03:26]} 21. Bf4 {[%clk 00:30:57]} {[%emt 00:14:59]} Bf6 {[%clk 00:52:28]}
{[%emt 00:06:47]} 22. Bd6 {[%emt 00:02:52]} Be7 {[%clk 00:43:18]} {[%emt
00:09:38]} 23. Be5 {[%clk 00:27:53]} {[%emt 00:01:14]} Nh7 {[%clk 00:39:23]}
{[%emt 00:04:25]} 24. Qb3 {[%clk 00:21:48]} {[%emt 00:06:34]} Kf7 {[%clk
00:37:38]} {[%emt 00:02:16]} 25. Re2 {[%clk 00:14:03]} {[%emt 00:08:15]} Bxc5
{[%clk 00:31:29]} {[%emt 00:06:40]} 26. Rde1 {[%clk 00:10:29]} {[%emt
00:04:03]} Bb6 {[%clk 00:27:15]} {[%emt 00:04:44]} 27. Bf4 {[%clk 00:06:41]}
{[%emt 00:04:17]} Nf8 {[%clk 00:25:18]} {[%emt 00:02:27]} 28. Bg5 {[%clk
00:05:28]} {[%emt 00:01:43]} Rc8 {[%clk 00:25:25]} {[%emt 00:00:24]} 29. d5
{[%clk 00:04:58]} {[%emt 00:00:59]} exd5 {[%clk 00:14:17]} {[%emt 00:11:39]}
30. Re7 {[%clk 00:03:06]} {[%emt 00:02:22]} Rxe7 {[%clk 00:14:46]} {[%emt
00:00:02]} 31. Rxe7 {[%clk 00:03:27]} {[%emt 00:00:08]} Qxe7 {[%clk 00:15:13]}
{[%emt 00:00:03]} 32. Bxe7 {[%clk 00:03:44]} {[%emt 00:00:13]} dxc4 {[%clk
00:14:43]} {[%emt 00:01:00]} 33. Qa3 {[%clk 00:04:05]} {[%emt 00:00:09]} Ne6
{[%clk 00:13:46]} {[%emt 00:01:26]} 34. Bb4 {[%clk 00:02:05]} {[%emt 00:02:31]}
Rd8 {[%clk 00:12:57]} {[%emt 00:01:20]} 35. Qf3 {[%clk 00:02:00]} {[%emt
00:00:34]} Bd4 {[%clk 00:09:53]} {[%emt 00:03:35]} 36. b3 {[%clk 00:00:55]}
{[%emt 00:01:35]} cxb3 {[%clk 00:09:52]} {[%emt 00:00:31]} 37. Qxb3 {[%clk
00:01:10]} {[%emt 00:00:15]} Rd5 {[%clk 00:10:06]} {[%emt 00:00:16]} 38. Ba3
{[%clk 00:01:01]} {[%emt 00:00:40]} b5 {[%clk 00:08:14]} {[%emt 00:02:22]} 39.
Bb2 {[%clk 00:00:40]} {[%emt 00:00:51]} Bxb2 {[%clk 00:05:48]} {[%emt
00:02:56]} 40. Qxb2 {[%clk 00:01:08]} {[%emt 00:00:02]} Rd1 {[%clk 00:05:35]}
{[%emt 00:00:43]} 41. Kh2 {[%clk 00:30:18]} Rd7 {[%clk 00:25:15]} {[%emt
00:12:09]} 42. Qc1 {[%clk 00:18:06]} {[%emt 00:11:38]} c5 43. Qh6 {[%emt
00:08:43]} c4 {[%clk 00:18:47]} {[%emt 00:00:21]} 44. Qh7 {[%clk 00:17:36]}
{[%emt 00:00:59]} Ng7 {[%clk 00:19:10]} {[%emt 00:00:08]} 45. Qxh4 {[%clk
00:16:34]} Rc7 {[%clk 00:17:39]} {[%emt 00:03:32]} 46. Qg3 {[%clk 00:14:16]}
Ne6 {[%clk 00:17:45]} {[%emt 00:03:13]} 47. Qc3 {[%clk 00:11:56]} a5 {[%clk
00:17:45]} 48. g4 {[%clk 00:11:56]} fxg4 {[%clk 00:17:45]} 49. hxg4 {[%clk
00:11:56]} b4 {[%clk 00:17:45]} 50. Qf3 {[%clk 00:11:56]} Ke7 {[%clk 00:17:45]}
51. Qe3 {[%clk 00:11:56]} 0-1

[Event "DVM U20 2022"]
[Site "Münster GER"]
[Date "2022.12.30"]
[Round "7"]
[White "Neugirg, Mika"]
[Black "Frank, Marian"]
[Result "1/2-1/2"]
[Termination "normal"]
[Board "7.4"]
[WhiteElo "1573"]
[BlackElo "1438"]
[WhiteClock "00:21:03"]
[BlackClock "00:29:00"]
[WhiteTeam "SC Bavaria Regensburg von 1881 e.V."]
[BlackTeam "ESV Gera"]
[PlyCount "54"]
[WhiteFideId "34619160"]
[BlackFideId "16245059"]
[EventCountry "GER"]
[EventRounds "7"]
[EventType "team-swiss"]
[EventDate "2022.12.26"]

1. Nf3 {[%clk 01:30:56]} {[%emt 00:00:03]} d5 {[%clk 01:30:29]} {[%emt
00:00:31]} 2. e3 {[%clk 01:31:09]} {[%emt 00:00:17]} Nf6 {[%clk 01:30:22]}
{[%emt 00:00:37]} 3. b3 {[%clk 01:31:22]} {[%emt 00:00:17]} Bf5 {[%clk
01:27:45]} {[%emt 00:03:06]} 4. Bb2 {[%clk 01:31:21]} {[%emt 00:00:31]} e6
{[%clk 01:25:05]} {[%emt 00:03:10]} 5. Nh4 {[%clk 01:30:36]} {[%emt 00:01:15]}
Bg6 {[%clk 01:25:06]} {[%emt 00:00:29]} 6. Nxg6 {[%clk 01:30:35]} {[%emt
00:00:31]} hxg6 {[%clk 01:25:34]} {[%emt 00:00:03]} 7. g3 {[%clk 01:30:54]}
{[%emt 00:00:11]} Nbd7 {[%clk 01:23:32]} {[%emt 00:02:31]} 8. Bg2 {[%clk
01:30:55]} {[%emt 00:00:28]} Bd6 {[%clk 01:22:20]} {[%emt 00:01:42]} 9. d3
{[%clk 01:30:20]} {[%emt 00:01:06]} Qe7 {[%clk 01:20:43]} {[%emt 00:02:07]} 10.
Nd2 {[%clk 01:27:02]} {[%emt 00:03:48]} O-O-O {[%clk 01:16:26]} {[%emt
00:04:47]} 11. Qe2 {[%clk 01:19:25]} {[%emt 00:08:06]} Ba3 {[%clk 01:10:57]}
{[%emt 00:05:59]} 12. O-O-O {[%clk 01:15:31]} {[%emt 00:04:24]} Bxb2 {[%clk
01:09:36]} {[%emt 00:01:52]} 13. Kxb2 {[%clk 01:15:48]} {[%emt 00:00:13]} Nb6
{[%clk 01:06:28]} {[%emt 00:03:38]} 14. a3 {[%clk 01:01:23]} {[%emt 00:14:54]}
Qc5 {[%clk 01:02:51]} {[%emt 00:04:07]} 15. d4 {[%clk 00:57:37]} {[%emt
00:04:16]} Qa5 {[%clk 01:01:25]} {[%emt 00:01:56]} 16. c4 {[%clk 00:51:55]}
{[%emt 00:06:11]} dxc4 {[%clk 00:54:45]} {[%emt 00:07:12]} 17. Nxc4 {[%clk
00:51:38]} {[%emt 00:00:46]} Nxc4 {[%clk 00:54:12]} {[%emt 00:01:04]} 18. Qxc4
{[%clk 00:51:29]} {[%emt 00:00:38]} Ng4 {[%clk 00:53:28]} {[%emt 00:01:14]} 19.
Rc1 {[%clk 00:43:53]} {[%emt 00:08:03]} Rd7 {[%clk 00:44:13]} {[%emt 00:09:48]}
20. Bxb7 {[%clk 00:38:19]} {[%emt 00:06:03]} Kxb7 {[%clk 00:41:41]} {[%emt
00:03:03]} 21. Qc6 {[%clk 00:37:27]} {[%emt 00:01:19]} Kb8 {[%clk 00:42:09]}
{[%emt 00:00:05]} 22. Qxd7 {[%clk 00:35:13]} {[%emt 00:02:43]} Nxf2 {[%clk
00:41:29]} {[%emt 00:01:11]} 23. b4 {[%clk 00:24:06]} {[%emt 00:11:35]} Nd3
{[%clk 00:31:34]} {[%emt 00:10:26]} 24. Kb1 {[%clk 00:23:24]} {[%emt 00:01:10]}
Qxa3 {[%clk 00:27:44]} {[%emt 00:04:21]} 25. Qxc7 {[%clk 00:21:04]} {[%emt
00:02:48]} Ka8 {[%clk 00:28:13]} {[%emt 00:00:04]} 26. Qc6 {[%clk 00:20:52]}
{[%emt 00:00:39]} Kb8 {[%clk 00:28:41]} {[%emt 00:00:05]} 27. Qc7 {[%clk
00:21:03]} {[%emt 00:00:17]} Ka8 {[%clk 00:29:00]} {[%emt 00:00:12]} 1/2-1/2

[Event "DVM U20 2022"]
[Site "Münster GER"]
[Date "2022.12.30"]
[Round "7"]
[White "Barz, Henrik"]
[Black "Maguire, Kristof"]
[Result "1-0"]
[Termination "normal"]
[Board "7.5"]
[WhiteElo "1647"]
[BlackElo "1449"]
[WhiteClock "00:54:08"]
[BlackClock "00:03:19"]
[WhiteTeam "ESV Gera"]
[BlackTeam "SC Bavaria Regensburg von 1881 e.V."]
[PlyCount "80"]
[WhiteFideId "34628320"]
[BlackFideId "16225163"]
[EventCountry "GER"]
[EventRounds "7"]
[EventType "team-swiss"]
[EventDate "2022.12.26"]

1. e4 {[%clk 01:30:58]} {[%emt 00:00:01]} c5 {[%clk 01:30:56]} {[%emt
00:00:04]} 2. Nf3 {[%clk 01:31:22]} {[%emt 00:00:06]} Nc6 {[%clk 01:31:12]}
{[%emt 00:00:14]} 3. d4 {[%clk 01:31:46]} {[%emt 00:00:06]} cxd4 {[%clk
01:31:38]} {[%emt 00:00:04]} 4. Nxd4 {[%clk 01:32:12]} {[%emt 00:00:04]} g6
{[%clk 01:32:00]} {[%emt 00:00:07]} 5. Be3 {[%clk 01:32:35]} {[%emt 00:00:08]}
Bg7 {[%clk 01:31:58]} {[%emt 00:00:33]} 6. c3 {[%clk 01:30:08]} {[%emt
00:02:57]} d6 {[%clk 01:30:35]} {[%emt 00:01:52]} 7. Nd2 {[%clk 01:26:42]}
{[%emt 00:03:57]} Bd7 {[%clk 01:30:20]} {[%emt 00:00:45]} 8. N2b3 {[%clk
01:26:43]} {[%emt 00:00:29]} a6 {[%clk 01:29:56]} {[%emt 00:00:54]} 9. Qd2
{[%clk 01:27:00]} {[%emt 00:00:13]} Rc8 {[%clk 01:29:18]} {[%emt 00:01:08]} 10.
f3 {[%clk 01:27:20]} {[%emt 00:00:11]} h5 {[%clk 01:28:31]} {[%emt 00:01:17]}
11. Be2 {[%clk 01:27:06]} {[%emt 00:00:44]} Nf6 {[%clk 01:21:27]} {[%emt
00:07:34]} 12. h3 {[%clk 01:26:08]} {[%emt 00:01:28]} Ne5 {[%clk 01:21:31]}
{[%emt 00:00:26]} 13. O-O-O {[%clk 01:24:44]} {[%emt 00:01:54]} b5 {[%clk
01:05:59]} {[%emt 00:16:01]} 14. Nc2 {[%clk 01:23:53]} {[%emt 00:01:21]} Be6
{[%clk 00:55:30]} {[%emt 00:10:59]} 15. Kb1 {[%clk 01:23:13]} {[%emt 00:01:11]}
Nc4 {[%clk 00:47:34]} {[%emt 00:08:26]} 16. Bxc4 {[%clk 01:23:20]} {[%emt
00:00:22]} bxc4 {[%clk 00:45:41]} {[%emt 00:02:23]} 17. Nbd4 {[%clk 01:23:44]}
{[%emt 00:00:06]} Nd7 {[%clk 00:39:42]} {[%emt 00:06:29]} 18. Nxe6 {[%clk
01:23:21]} {[%emt 00:00:53]} fxe6 {[%clk 00:40:05]} {[%emt 00:00:07]} 19. f4
{[%clk 01:21:18]} {[%emt 00:02:33]} Nc5 {[%clk 00:36:21]} {[%emt 00:04:14]} 20.
Bxc5 {[%clk 01:20:46]} {[%emt 00:01:02]} Rxc5 {[%clk 00:36:41]} {[%emt
00:00:10]} 21. Nd4 {[%clk 01:21:07]} {[%emt 00:00:09]} Bxd4 {[%clk 00:32:15]}
{[%emt 00:04:54]} 22. Qxd4 {[%clk 01:20:31]} {[%emt 00:01:09]} Kf7 {[%clk
00:30:31]} {[%emt 00:02:13]} 23. g4 {[%clk 01:12:12]} {[%emt 00:08:50]} Qc8
{[%clk 00:24:16]} {[%emt 00:06:43]} 24. Rdg1 {[%clk 01:09:54]} {[%emt
00:02:49]} a5 {[%clk 00:19:38]} {[%emt 00:05:09]} 25. Rh2 {[%clk 01:03:10]}
{[%emt 00:07:14]} e5 {[%clk 00:12:17]} {[%emt 00:07:50]} 26. Qf2 {[%clk
01:02:53]} {[%emt 00:00:47]} exf4 {[%clk 00:12:28]} {[%emt 00:00:20]} 27. Qxf4
{[%clk 01:03:10]} {[%emt 00:00:13]} Ke6 {[%clk 00:12:39]} {[%emt 00:00:17]} 28.
gxh5 {[%clk 01:00:44]} {[%emt 00:02:57]} gxh5 {[%clk 00:11:36]} {[%emt
00:01:33]} 29. Rg5 {[%clk 01:00:52]} {[%emt 00:00:22]} Rxg5 {[%clk 00:08:59]}
{[%emt 00:03:07]} 30. Qxg5 {[%clk 01:01:14]} {[%emt 00:00:08]} Qc5 {[%clk
00:08:28]} {[%emt 00:01:01]} 31. Qg6 {[%clk 00:52:35]} {[%emt 00:09:09]} Kd7
{[%clk 00:08:35]} {[%emt 00:00:23]} 32. Kc2 {[%clk 00:52:50]} {[%emt 00:00:16]}
Qe3 {[%clk 00:06:46]} {[%emt 00:02:19]} 33. Qf5 {[%clk 00:52:53]} {[%emt
00:00:26]} Kc6 {[%clk 00:05:20]} {[%emt 00:01:56]} 34. Qd5 {[%clk 00:53:02]}
{[%emt 00:00:21]} Kd7 {[%clk 00:03:55]} {[%emt 00:01:55]} 35. Qb5 {[%clk
00:53:05]} {[%emt 00:00:28]} Kc7 {[%clk 00:02:08]} {[%emt 00:02:17]} 36. Qxc4
{[%clk 00:53:16]} {[%emt 00:00:19]} Qc5 {[%clk 00:02:34]} {[%emt 00:00:04]} 37.
Qxc5 {[%clk 00:53:21]} {[%emt 00:00:24]} dxc5 {[%clk 00:03:03]} 38. Kd3 {[%clk
00:53:41]} {[%emt 00:00:11]} e5 {[%clk 00:02:58]} {[%emt 00:00:33]} 39. Kc4
{[%clk 00:53:56]} {[%emt 00:00:16]} Kc6 {[%clk 00:03:19]} {[%emt 00:00:09]} 40.
Rg2 {[%clk 00:54:08]} {[%emt 00:00:18]} Kd5 {[%emt 00:01:51]} 1-0

[Event "DVM U20 2022"]
[Site "Münster GER"]
[Date "2022.12.30"]
[Round "7"]
[White "Slutski, Daniel"]
[Black "Schulter, Moritz"]
[Result "0-1"]
[Termination "normal"]
[Board "7.6"]
[WhiteElo "1253"]
[BlackElo "1584"]
[WhiteClock "01:10:38"]
[BlackClock "00:01:50"]
[WhiteTeam "SC Bavaria Regensburg von 1881 e.V."]
[BlackTeam "ESV Gera"]
[PlyCount "70"]
[WhiteFideId "16292154"]
[BlackFideId "16245067"]
[EventCountry "GER"]
[EventRounds "7"]
[EventType "team-swiss"]
[EventDate "2022.12.26"]

1. e4 {[%clk 01:30:57]} {[%emt 00:00:02]} e5 {[%clk 01:30:29]} {[%emt
00:00:32]} 2. d4 {[%clk 01:31:13]} {[%emt 00:00:14]} exd4 {[%clk 01:29:41]}
{[%emt 00:01:18]} 3. Qxd4 {[%clk 01:31:36]} {[%emt 00:00:07]} Nc6 {[%clk
01:29:08]} {[%emt 00:01:02]} 4. Qe3 {[%clk 01:31:56]} {[%emt 00:00:10]} b6
{[%clk 01:25:05]} {[%emt 00:04:33]} 5. Nc3 {[%clk 01:32:04]} {[%emt 00:00:22]}
Bb7 {[%clk 00:57:42]} {[%emt 00:27:53]} 6. Bd2 {[%clk 01:31:43]} {[%emt
00:00:50]} Nge7 {[%clk 00:46:18]} {[%emt 00:11:54]} 7. O-O-O {[%clk 01:31:17]}
{[%emt 00:00:56]} Ng6 {[%clk 00:44:46]} {[%emt 00:02:03]} 8. Bc4 {[%clk
01:29:36]} {[%emt 00:02:10]} Bc5 {[%clk 00:39:07]} {[%emt 00:06:09]} 9. Qg3
{[%clk 01:29:08]} {[%emt 00:00:57]} Nce5 {[%clk 00:32:41]} {[%emt 00:06:57]}
10. Bb3 {[%clk 01:28:10]} {[%emt 00:01:27]} Qh4 {[%clk 00:23:31]} {[%emt
00:09:41]} 11. f4 {[%clk 01:26:16]} {[%emt 00:02:24]} Qxg3 {[%clk 00:21:03]}
{[%emt 00:02:59]} 12. hxg3 {[%clk 01:26:11]} {[%emt 00:00:35]} Ng4 {[%clk
00:20:32]} {[%emt 00:01:01]} 13. Nh3 {[%clk 01:26:08]} {[%emt 00:00:32]} f6
{[%clk 00:19:08]} {[%emt 00:01:53]} 14. Nb5 {[%clk 01:25:21]} {[%emt 00:01:17]}
O-O-O {[%clk 00:17:57]} {[%emt 00:01:42]} 15. Nc3 {[%clk 01:21:33]} {[%emt
00:04:17]} Rde8 {[%clk 00:13:10]} {[%emt 00:05:18]} 16. Bd5 {[%clk 01:20:35]}
{[%emt 00:01:28]} c6 {[%clk 00:11:00]} {[%emt 00:02:40]} 17. Bb3 {[%clk
01:19:30]} {[%emt 00:01:35]} Ba6 {[%clk 00:10:36]} {[%emt 00:00:55]} 18. Rhf1
{[%clk 01:17:01]} {[%emt 00:02:59]} Bxf1 {[%clk 00:09:11]} {[%emt 00:01:55]}
19. Rxf1 {[%clk 01:17:02]} {[%emt 00:00:28]} Re7 {[%clk 00:07:00]} {[%emt
00:02:41]} 20. f5 {[%clk 01:17:12]} {[%emt 00:00:20]} N6e5 {[%clk 00:06:50]}
{[%emt 00:00:40]} 21. Bf4 {[%clk 01:13:44]} {[%emt 00:03:58]} Rhe8 {[%clk
00:06:02]} {[%emt 00:01:19]} 22. Ng1 {[%clk 01:13:24]} {[%emt 00:00:50]} Ne3
{[%clk 00:04:25]} {[%emt 00:02:07]} 23. Bxe3 {[%clk 01:13:10]} {[%emt
00:00:44]} Bxe3 {[%clk 00:04:53]} {[%emt 00:00:02]} 24. Kb1 {[%clk 01:13:24]}
{[%emt 00:00:15]} Ng4 {[%clk 00:04:49]} {[%emt 00:00:35]} 25. Nh3 {[%clk
01:12:33]} {[%emt 00:01:21]} Bd4 {[%clk 00:03:34]} {[%emt 00:01:45]} 26. Rf4
{[%clk 01:11:54]} {[%emt 00:01:09]} Bxc3 {[%clk 00:02:26]} {[%emt 00:01:38]}
27. Rxg4 {[%clk 01:12:14]} {[%emt 00:00:10]} Be1 {[%clk 00:01:25]} {[%emt
00:01:30]} 28. c3 {[%clk 01:11:35]} {[%emt 00:01:10]} Bd2 {[%clk 00:01:24]}
{[%emt 00:00:31]} 29. Bc2 {[%clk 01:10:55]} {[%emt 00:01:10]} d5 {[%clk
00:01:24]} {[%emt 00:00:30]} 30. Nf2 {[%clk 01:10:59]} {[%emt 00:00:26]} Bg5
{[%clk 00:01:05]} {[%emt 00:00:49]} 31. exd5 {[%clk 01:10:57]} {[%emt
00:00:32]} Re1 {[%clk 00:01:08]} {[%emt 00:00:27]} 32. Nd1 {[%clk 01:11:00]}
{[%emt 00:00:27]} Rd8 {[%clk 00:00:43]} {[%emt 00:00:56]} 33. dxc6 {[%clk
01:10:21]} {[%emt 00:01:08]} Rdxd1 {[%clk 00:00:57]} {[%emt 00:00:16]} 34. Bxd1
{[%clk 01:10:37]} {[%emt 00:00:14]} Rxd1 {[%clk 00:01:26]} {[%emt 00:00:02]}
35. Kc2 {[%clk 01:10:38]} {[%emt 00:00:29]} Rd2 {[%clk 00:01:50]} {[%emt
00:00:06]} 0-1